トヨタ自動車の車種(2000年以降) - Statistics

General Stats
  • This quiz has been taken 619 times
    560 since last reset
  • The average score is 31 of 157
Answer Stats
Answer % Correct
プリウス
88%
アルファード
75%
カローラ
75%
クラウン
74%
アクア
71%
ノア
70%
ヤリス
69%
ヴェルファイア
63%
ヴォクシー
63%
シエンタ
55%
ヴィッツ
52%
ヤリスクロス
51%
ランドクルーザー
50%
86
50%
エスティマ
45%
カローラフィールダー
42%
パッソ
41%
カムリ
40%
カローラアクシオ
40%
ハリアー
40%
プリウスα
40%
ルーミー
40%
カローラスポーツ
39%
カローラクロス
38%
スープラ
36%
RAV4
36%
マークX
36%
センチュリー
35%
bB
32%
カローラツーリング
31%
アイシス
30%
エスクァイア
30%
ランドクルーザープラド
30%
ライズ
28%
タンク
27%
ハイエースバン
26%
ハイラックス
26%
ポルテ
26%
クラウンマジェスタ
25%
C-HR
25%
アリオン
24%
ウィッシュ
24%
カローラルミオン
24%
セルシオ
24%
MIRAI
23%
セリカ
22%
iQ
22%
アルテッツァ
21%
カローラスパシオ
21%
ハイエースワゴン
21%
ピクシスエポック
21%
アリスト
20%
ピクシスバン
20%
クラウンエステート
19%
グランエース
19%
ダイナ
19%
SAI
19%
イスト
18%
オーリス
18%
カローラランクス
18%
クラウンコンフォート
18%
ジャパンタクシー
18%
プレミオ
18%
ラクティス
18%
ソアラ
17%
ピクシストラック
17%
マークII
17%
イプサム
16%
コンフォート
16%
パッソセッテ
16%
レジアス
16%
FJクルーザー
16%
アベンシス
15%
ヴァンガード
15%
クラウンセダン
15%
コースター
15%
コペン
15%
スプリンター
15%
スペイド
15%
ハイラックスサーフ
15%
レジアスエース
15%
bZ4X
15%
マークXジオ
15%
タウンエースノア
14%
ピクシスメガ
14%
プロボックスバン
14%
カローラワゴン
13%
タウンエースバン
13%
チェイサー
13%
ファンカーゴ
13%
MR2
13%
オーパ
12%
カリーナ
12%
カローラバン
12%
カローラレビン
12%
クラウンクロスオーバー
12%
ピクシスジョイ
12%
ピクシススペース
12%
WiLLサイファ
12%
サクシードバン
11%
タウンエーストラック
11%
トヨエース
11%
ラウム
11%
カルディナ
10%
クレスタ
10%
スプリンタートレノ
10%
プラッツ
10%
プログレ
10%
WiLLVi
10%
ウィンダム
9%
ヴェロッサ
9%
ハイエースコミューター
9%
ビスタ
9%
プロボックスワゴン
9%
ライトエースノア
9%
ライトエースバン
9%
アレックス
8%
ヴォルツ
8%
グランドハイエース
8%
サクシードワゴン
8%
スプリンターカリブ
8%
ブレイド
8%
ベルタ
8%
WiLLVS
8%
アルテッツァジータ
7%
ガイア
7%
ラッシュ
7%
アバロン
6%
オリジン
6%
グランビア
6%
クルーガー
6%
ナディア
6%
ブレビス
6%
ライトエーストラック
6%
カムリグラシア
5%
カローラツーリングワゴン
5%
スパーキー
5%
ハイメディック
5%
SORA
5%
キャミ
4%
コロナプレミオ
4%
ビスタアルデオ
4%
マークIIブリット
4%
カルディナバン
3%
クイックデリバリー
3%
ダイナルートバン
3%
ツーリングハイエース
3%
デュエット
3%
プロナード
3%
キャバリエ
2%
スプリンターバン
2%
トヨエースルートバン
2%
マークIIクオリス
2%
スプリンターワゴン
1%
ダイナアーバンサポーター
1%
トヨエースアーバンサポーター
1%
コースターR
1%
No matching quizzes found
Score Distribution
Percent of People with Each Score
Percentile by Number Answered
Your Score History
You have not taken this quiz since the last reset